[Event "Wch Rapid"]
[Site "Berlin"]
[Date "2015.10.12"]
[Round "12"]
[White "Cordeiro, Marco Aurelio Zaror"]
[Black "Gutov, Andrey"]
[Result "1-0"]
[WhiteElo "2228"]
[BlackElo "2384"]
[PlyCount "77"]
[EventDate "2015.10.10"]
[EventType "swiss (rapid)"]
[EventRounds "15"]
[EventCountry "GER"]
[SourceTitle "CBM 168 Extra"]
[Source "ChessBase"]
[SourceDate "2015.10.29"]
[SourceVersion "1"]
[SourceVersionDate "2015.10.29"]
[SourceQuality "1"]

1. e4 e5 2. Nf3 Nc6 3. Bb5 a6 4. Ba4 Nf6 5. d3 d6 6. h3 g6 7. 0-0 Bg7 8. Be3 0-0 9. Qd2 b5 10. Bb3 d5 11. exd5 Nxd5 12. Bh6 f6 13. c4 bxc4 14. dxc4 Bxh6 15. Qxh6 Nf4 16. Nc3 Be6 17. Rad1 Qb8 18. Nd5 Bxd5 19. cxd5 Na5 20. g3 Ne2+ 21. Kg2 Nxb3 22. axb3 Qxb3 23. Rfe1 Rf7 24. Qe3 Nd4 25. Nxd4 Qxe3 26. Rxe3 exd4 27. Rxd4 Rb8 28. d6 cxd6 29. Rxd6 Rxb2 30. Rxa6 f5 31. Rf3 Re7 32. g4 fxg4 33. hxg4 Rb4 34. g5 Rb5 35. Rg3 Rf7 36. Ra4 Rbf5 37. f3 Kg7 38. Ra3 Rb5 39. Rg4 1-0

[Event "Wch Rapid"]
[Site "Berlin"]
[Date "2015.10.12"]
[Round "15"]
[White "Gutov, Andrey"]
[Black "Valdes Romero, Leonardo"]
[Result "0-1"]
[WhiteElo "2384"]
[BlackElo "2362"]
[PlyCount "96"]
[EventDate "2015.10.10"]
[EventType "swiss (rapid)"]
[EventRounds "15"]
[EventCountry "GER"]
[SourceTitle "CBM 168 Extra"]
[Source "ChessBase"]
[SourceDate "2015.10.29"]
[SourceVersion "1"]
[SourceVersionDate "2015.10.29"]
[SourceQuality "1"]

1. d4 Nf6 2. c4 g6 3. Nc3 Bg7 4. e4 d6 5. Nf3 0-0 6. Be2 e5 7. 0-0 Nc6 8. d5 Ne7 9. Ne1 Nd7 10. Nd3 f5 11. Bd2 Nf6 12. f3 Kh8 13. Rc1 c5 14. g4 f4 15. b4 b6 16. bxc5 bxc5 17. Rb1 g5 18. Qa4 h5 19. h3 Rf7 20. Kg2 Ng6 21. Be1 Bf8 22. Qc6 Bd7 23. Qa6 Bc8 24. Qa4 Rh7 25. Bf2 Bd7 26. Qa3 Qc8 27. Rh1 Be7 28. Qb2 Bd8 29. Nb5 Be7 30. Bxc5 Bxb5 31. cxb5 dxc5 32. Nxe5 Nxe5 33. Qxe5 Qb8 34. Qe6 Qd6 35. Bd3 Rg7 36. Rhe1 Nd7 37. e5 Qxe6 38. dxe6 Nb6 39. Be4 Rd8 40. Red1 Rgg8 41. a4 Nc4 42. Rd7 Rxd7 43. exd7 Nxe5 44. Bf5 Rd8 45. Re1 Bf6 46. Rd1 Nc4 47. Kf2 Bd4+ 48. Ke2 Ne3 0-1

[Event "Wch Rapid"]
[Site "Berlin"]
[Date "2015.10.11"]
[Round "6"]
[White "Gutov, Andrey"]
[Black "Choukri, Adel"]
[Result "1-0"]
[WhiteElo "2384"]
[BlackElo "2199"]
[PlyCount "120"]
[EventDate "2015.10.10"]
[EventType "swiss (rapid)"]
[EventRounds "15"]
[EventCountry "GER"]
[SourceTitle "CBM 168 Extra"]
[Source "ChessBase"]
[SourceDate "2015.10.29"]
[SourceVersion "1"]
[SourceVersionDate "2015.10.29"]
[SourceQuality "1"]

1. d4 Nf6 2. c4 c5 3. d5 b5 4. cxb5 a6 5. bxa6 g6 6. Nc3 Bg7 7. g3 0-0 8. Bg2 d6 9. Nf3 Bxa6 10. 0-0 Nbd7 11. Rb1 Qa5 12. Bd2 Rfb8 13. Qc2 Ng4 14. a4 Nge5 15. Nxe5 Nxe5 16. b3 Qb6 17. h3 Ra7 18. Kh2 Nd7 19. f4 Rab7 20. Bf3 Qc7 21. Na2 Qb6 22. Kg2 Nf6 23. b4 cxb4 24. Nxb4 Ra8 25. Nc6 Qc7 26. Ba5 Qd7 27. Bb6 e6 28. dxe6 fxe6 29. Rfc1 Nd5 30. Bxd5 exd5 31. a5 Bc4 32. Nb4 Re8 33. Re1 Qb5 34. e3 Rxb6 35. axb6 Qxb6 36. Qd2 Qa5 37. Rbd1 Rb8 38. Nc6 Qxd2+ 39. Rxd2 Bc3 40. Nxb8 Bxd2 41. Rd1 Bxe3 42. Nc6 Kf7 43. Nd4 Kf6 44. Kf3 Bxd4 45. Rxd4 Ke6 46. Rd1 Bb3 47. Re1+ Kf6 48. Ke3 Bc2 49. g4 g5 50. Re2 Be4 51. Rf2 h6 52. Rb2 Ke6 53. Rb8 Bg2 54. Rh8 gxf4+ 55. Kxf4 d4 56. Rxh6+ Kd5 57. g5 d3 58. Ke3 Be4 59. g6 Ke6 60. g7+ Kf7 1-0

[Event "Wch Rapid"]
[Site "Berlin"]
[Date "2015.10.10"]
[Round "4"]
[White "Gutov, Andrey"]
[Black "Camacho Collados, Jose"]
[Result "1-0"]
[WhiteElo "2384"]
[BlackElo "2383"]
[PlyCount "55"]
[EventDate "2015.10.10"]
[EventType "swiss (rapid)"]
[EventRounds "15"]
[EventCountry "GER"]
[SourceTitle "CBM 168 Extra"]
[Source "ChessBase"]
[SourceDate "2015.10.29"]
[SourceVersion "1"]
[SourceVersionDate "2015.10.29"]
[SourceQuality "1"]

1. d4 Nf6 2. c4 e6 3. Nc3 Bb4 4. e3 b6 5. a3 Bxc3+ 6. bxc3 0-0 7. Bd3 Bb7 8. f3 c5 9. Ne2 Nc6 10. e4 d6 11. Bg5 h6 12. Bh4 cxd4 13. cxd4 e5 14. 0-0 Rc8 15. f4 exf4 16. Nxf4 g5 17. Nh5 Nxh5 18. Qxh5 Kg7 19. Be1 Ne7 20. Bg3 f6 21. h4 Bc6 22. hxg5 fxg5 23. Rxf8 Qxf8 24. Bxd6 Be8 25. Qh3 Rd8 26. Qe6 Bf7 27. Qe5+ Kg8 28. Bxe7 1-0

[Event "Kemerovo Region Cup"]
[Site "Kemerovo"]
[Date "2014.08.27"]
[Round "7"]
[White "Gutov, Andrey"]
[Black "Khegay, Dmitriy"]
[Result "0-1"]
[WhiteElo "2398"]
[BlackElo "2369"]
[PlyCount "108"]
[EventDate "2014.08.21"]
[EventType "swiss"]
[EventRounds "7"]
[EventCountry "RUS"]
[SourceTitle "CBM 162 Extra"]
[Source "ChessBase"]
[SourceDate "2014.10.17"]
[SourceVersion "1"]
[SourceVersionDate "2014.10.17"]
[SourceQuality "1"]

1. d4 Nf6 2. c4 e6 3. Nc3 Bb4 4. e3 c5 5. Nf3 0-0 6. Bd3 d5 7. 0-0 cxd4 8. exd4 dxc4 9. Bxc4 b6 10. Bg5 Bb7 11. Rc1 Nc6 12. a3 Be7 13. Qd3 Rc8 14. Ba2 Nd5 15. Bb1 g6 16. Bh6 Re8 17. Ne4 Nf6 18. Nc3 Qd6 19. h3 Red8 20. Rcd1 Qb8 21. Ba2 Bf8 22. Qe3 Bxh6 23. Qxh6 Ne7 24. Ne5 Nf5 25. Qg5 Kg7 26. Ng4 Nxg4 27. hxg4 h6 28. Qc1 Nxd4 29. Qe3 Nc6 30. f4 Rxd1 31. Rxd1 Rd8 32. Rf1 Qd6 33. Rd1 Qe7 34. Rxd8 Qxd8 35. f5 Qd4 36. Qxd4+ Nxd4 37. fxe6 fxe6 38. Kf2 e5 39. Bd5 Bc8 40. g5 hxg5 41. Ne4 g4 42. Nd6 Bf5 43. a4 Kf6 44. a5 bxa5 45. Nb7 e4 46. Nxa5 Ke5 47. Bf7 g3+ 48. Kxg3 e3 49. Bc4 Be4 50. b4 Nf5+ 51. Kh2 Kd4 52. g4 Nd6 53. Be2 Kc3 54. b5 Kd2 0-1

[Event "Ulan-Ude Sangha"]
[Site "Ulan-Ude"]
[Date "2013.09.15"]
[Round "11"]
[White "Tsydypov, Zhamsaran"]
[Black "Gutov, Andrey"]
[Result "1/2-1/2"]
[WhiteElo "2375"]
[BlackElo "2397"]
[PlyCount "36"]
[EventDate "2013.09.08"]
[EventType "tourn"]
[EventRounds "11"]
[EventCountry "RUS"]
[EventCategory "7"]
[SourceTitle "EXT 2018"]
[Source "ChessBase"]
[SourceDate "2017.10.13"]
[SourceVersion "1"]
[SourceVersionDate "2017.10.13"]
[SourceQuality "1"]

1. e4 e5 2. Nf3 Nc6 3. Bb5 a6 4. Ba4 Nf6 5. 0-0 Be7 6. Re1 b5 7. Bb3 d6 8. c3 0-0 9. h3 Na5 10. Bc2 c5 11. d4 Qc7 12. Nbd2 Be6 13. d5 Bd7 14. Nf1 c4 15. Ng3 Nb7 16. Nh2 a5 17. Ng4 Bxg4 18. hxg4 Nc5 1/2-1/2

[Event "Ulan-Ude Sangha"]
[Site "Ulan-Ude"]
[Date "2013.09.14"]
[Round "9"]
[White "Badmatsyrenov, Oleg"]
[Black "Gutov, Andrey"]
[Result "1-0"]
[WhiteElo "2486"]
[BlackElo "2397"]
[PlyCount "45"]
[EventDate "2013.09.08"]
[EventType "tourn"]
[EventRounds "11"]
[EventCountry "RUS"]
[EventCategory "7"]
[SourceTitle "EXT 2018"]
[Source "ChessBase"]
[SourceDate "2017.10.13"]
[SourceVersion "1"]
[SourceVersionDate "2017.10.13"]
[SourceQuality "1"]

1. e4 e5 2. Nf3 Nc6 3. Bc4 Nf6 4. d3 Bc5 5. c3 d6 6. Bb3 a6 7. h3 h6 8. Nbd2 0-0 9. Nf1 Be6 10. Ng3 Ba7 11. 0-0 d5 12. Qe2 Qd6 13. Nh4 dxe4 14. dxe4 Bxb3 15. axb3 Qe6 16. Qf3 Kh7 17. Nhf5 Ne7 18. b4 Nxf5 19. Nxf5 Rad8 20. b5 Rd7 21. bxa6 bxa6 22. Ra5 Bb6 23. Qg3 1-0

[Event "Kemerovo Region Cup"]
[Site "Kemerovo"]
[Date "2013.09.02"]
[Round "5"]
[White "Nevostrujev, Vladimir"]
[Black "Gutov, Andrey"]
[Result "1/2-1/2"]
[WhiteElo "2434"]
[BlackElo "2397"]
[PlyCount "124"]
[EventDate "2013.08.28"]
[EventType "swiss"]
[EventRounds "7"]
[EventCountry "RUS"]
[SourceTitle "EXT 2014"]
[Source "ChessBase"]
[SourceDate "2013.11.20"]
[SourceVersion "1"]
[SourceVersionDate "2013.11.20"]
[SourceQuality "1"]

1. e4 e5 2. Nf3 Nc6 3. Bb5 a6 4. Ba4 Nf6 5. 0-0 Be7 6. Re1 b5 7. Bb3 d6 8. c3 0-0 9. h3 Na5 10. Bc2 c5 11. d4 Qc7 12. Nbd2 Be6 13. Nf1 Nc4 14. Ne3 Nxe3 15. Bxe3 Rfc8 16. Re2 h6 17. Bb3 Bxb3 18. Qxb3 exd4 19. cxd4 Nxe4 20. dxc5 Nxc5 21. Qd5 Bf6 22. Rc1 Qe7 23. Rec2 Rd8 24. Nd4 Bxd4 25. Bxd4 Nd3 26. Rc7 Nf4 27. Qxa8 Qxc7 28. Rxc7 Rxa8 29. Be3 Ne6 30. Rd7 Rd8 31. Ra7 d5 32. Rxa6 d4 33. Bd2 Rc8 34. Rd6 Rc2 35. Bb4 Rxb2 36. a3 Nf4 37. Bc5 Rd2 38. h4 d3 39. Kh2 Rd1 40. Kg3 Ng6 41. Bb4 Ne5 42. Rd5 Nc4 43. Rxb5 Rb1 44. Rd5 Rb3 45. Kf4 Kh7 46. Ke4 Nxa3 47. Bxa3 Rxa3 48. h5 Ra2 49. Ke3 Re2+ 50. Kf3 Rd2 51. Rd7 f6 52. g4 Rd1 53. Kf4 Rd2 54. Kf3 Rd1 55. Kf4 Rf1 56. Kf3 Rg1 57. Rxd3 f5 58. gxf5 Rg5 59. Ke4 Rxh5 60. Rd7 Kg8 61. f4 Rh1 62. f6 g6 1/2-1/2

[Event "Izmailov Memorial op 16th"]
[Site "Tomsk"]
[Date "2012.08.11"]
[Round "6"]
[White "Kokarev, Dmitry"]
[Black "Gutov, Andrey"]
[Result "1/2-1/2"]
[WhiteElo "2618"]
[BlackElo "2412"]
[PlyCount "128"]
[EventDate "2012.08.06"]
[EventType "swiss"]
[EventRounds "9"]
[EventCountry "RUS"]
[SourceTitle "CBM 149 Extra"]
[Source "ChessBase"]
[SourceDate "2012.08.24"]
[SourceVersion "1"]
[SourceVersionDate "2012.08.24"]
[SourceQuality "1"]

1. e4 e5 2. Nf3 Nc6 3. Bb5 a6 4. Ba4 Nf6 5. 0-0 Be7 6. Re1 b5 7. Bb3 d6 8. c3 0-0 9. h3 Nb8 10. d4 Nbd7 11. Nbd2 Bb7 12. Bc2 Re8 13. Nf1 Bf8 14. Ng3 g6 15. a4 c5 16. d5 c4 17. Bg5 h6 18. Be3 Nc5 19. Qd2 h5 20. Bg5 Be7 21. Ra3 Nh7 22. Be3 Bf6 23. Rea1 Rb8 24. axb5 axb5 25. Ra5 Bc8 26. Qc1 Bd7 27. Ra7 Qc8 28. Bxc5 dxc5 29. Qe3 Bg7 30. Bd1 Bf8 31. Be2 Rb7 32. R7a6 Qc7 33. Bf1 Rb6 34. Ra7 Rb7 35. R7a6 Rb6 36. Ra7 Rb7 37. R7a2 Qd6 38. Ra6 Qc7 39. Ne2 Rb6 40. Rxb6 Qxb6 41. g3 f6 42. Bg2 Kg7 43. h4 Qb7 44. Kh2 Ra8 45. Qc1 Bd6 46. Bh3 Nf8 47. Ne1 Rxa1 48. Qxa1 Bxh3 49. Kxh3 f5 50. Nc2 fxe4 51. Ne3 Nd7 52. Qd1 Nf6 53. Kg2 Kf7 54. Ng1 Bf8 55. Nh3 Bh6 56. Ng5+ Bxg5 57. hxg5 Ng4 58. Nxg4 hxg4 59. Kg1 Ke7 60. d6+ Kd7 61. Qxg4+ Kxd6 62. Qd1+ Ke7 63. Kh2 b4 64. Qa4 bxc3 1/2-1/2

[Event "Izmailov Memorial op 16th"]
[Site "Tomsk"]
[Date "2012.08.09"]
[Round "4"]
[White "Sviridov, Valery"]
[Black "Gutov, Andrey"]
[Result "0-1"]
[WhiteElo "2215"]
[BlackElo "2412"]
[PlyCount "84"]
[EventDate "2012.08.06"]
[EventType "swiss"]
[EventRounds "9"]
[EventCountry "RUS"]
[SourceTitle "CBM 149 Extra"]
[Source "ChessBase"]
[SourceDate "2012.08.24"]
[SourceVersion "1"]
[SourceVersionDate "2012.08.24"]
[SourceQuality "1"]

1. b3 Nf6 2. Bb2 g6 3. Bxf6 exf6 4. c4 Bg7 5. Nc3 f5 6. Rc1 0-0 7. g3 d6 8. Bg2 Nd7 9. e3 c6 10. Nge2 Qe7 11. 0-0 Nc5 12. d3 a5 13. a3 Bd7 14. Qc2 Rfe8 15. Rb1 h5 16. h4 Ne6 17. d4 Nf8 18. b4 axb4 19. axb4 Qd8 20. c5 d5 21. b5 Qc7 22. Rb4 Ra5 23. Rfb1 Rea8 24. Na4 Qd8 25. Nb6 Ra2 26. R4b2 Rxb2 27. Qxb2 Ra5 28. Qc3 Ra7 29. Ra1 Qb8 30. Nxd7 Nxd7 31. b6 Rxa1+ 32. Qxa1 Nxc5 33. Nc3 Nd7 34. Qa7 Bf8 35. Nxd5 cxd5 36. Bxd5 Be7 37. Bxb7 Qd6 38. Bf3 Nxb6 39. Kg2 Kg7 40. Qb7 Bd8 41. Qa6 Bc7 42. Qb5 Nd7 0-1

[Event "Izmailov Memorial op 16th"]
[Site "Tomsk"]
[Date "2012.08.08"]
[Round "3"]
[White "Gutov, Andrey"]
[Black "Labutin, Danila"]
[Result "1-0"]
[WhiteElo "2412"]
[BlackElo "2099"]
[PlyCount "120"]
[EventDate "2012.08.06"]
[EventType "swiss"]
[EventRounds "9"]
[EventCountry "RUS"]
[SourceTitle "CBM 149 Extra"]
[Source "ChessBase"]
[SourceDate "2012.08.24"]
[SourceVersion "1"]
[SourceVersionDate "2012.08.24"]
[SourceQuality "1"]

1. d4 d5 2. Nf3 Nc6 3. Bf4 Bg4 4. c4 e6 5. e3 Nf6 6. Nc3 Bb4 7. Rc1 0-0 8. h3 Bxf3 9. Qxf3 Qe7 10. cxd5 Nxd5 11. Bd3 Bxc3+ 12. bxc3 Qa3 13. 0-0 Nxc3 14. Qg3 Ne7 15. e4 b5 16. d5 b4 17. dxe6 fxe6 18. Be5 Ng6 19. Bxc3 bxc3 20. Bc4 Nf4 21. Qxc3 Qe7 22. Qe5 Qd6 23. Qxd6 cxd6 24. Kh2 d5 25. exd5 exd5 26. Bb3 a5 27. Rc5 a4 28. Bxd5+ Nxd5 29. Rxd5 Rad8 30. Ra5 Rd2 31. Rxa4 Rfxf2 32. Rxf2 Rxf2 33. Kg3 Rc2 34. Kf3 Kf7 35. Rf4+ Kg6 36. a4 Ra2 37. Rb4 h5 38. h4 Kh6 39. g4 g5 40. hxg5+ Kxg5 41. gxh5 Kxh5 42. Ke4 Kg5 43. Ke5 Kg6 44. Ke6 Ra1 45. Ke7 Kf5 46. Rb5+ Ke4 47. a5 Kd4 48. Kd6 Kc4 49. Kc6 Rh1 50. Rb2 Rh6+ 51. Kb7 Rh7+ 52. Kb6 Rh6+ 53. Ka7 Rh7+ 54. Rb7 Rh1 55. a6 Kc5 56. Rc7+ Kd6 57. Kb8 Rb1+ 58. Kc8 Ra1 59. a7 Ra2 60. Kb8 Ra1 1-0

[Event "Golden Sands Europe op 1st"]
[Site "Golden Sands"]
[Date "2012.06.11"]
[Round "8"]
[White "Georgieva, Emilia"]
[Black "Gutov, Andrey"]
[Result "0-1"]
[WhiteElo "1923"]
[BlackElo "2421"]
[PlyCount "90"]
[EventDate "2012.06.04"]
[EventType "swiss"]
[EventRounds "9"]
[EventCountry "BUL"]
[SourceTitle "CBM 148 Extra"]
[Source "ChessBase"]
[SourceDate "2012.06.22"]
[SourceVersion "1"]
[SourceVersionDate "2012.06.22"]
[SourceQuality "1"]

1. d4 Nf6 2. Nf3 e6 3. Bg5 h6 4. Bh4 g5 5. Bg3 Ne4 6. Be5 f6 7. Qd3 d5 8. Bg3 b6 9. Nfd2 Nxg3 10. Qg6+ Ke7 11. hxg3 Qe8 12. Qxe8+ Kxe8 13. e3 c5 14. Be2 Nc6 15. c3 f5 16. Bh5+ Ke7 17. Nf3 Bg7 18. Nbd2 Bd7 19. 0-0 Bf6 20. Rfe1 Kd6 21. Rad1 g4 22. Nh4 cxd4 23. exd4 Ne7 24. f4 Rac8 25. Re3 Rhg8 26. Rde1 Rg7 27. Kh2 Bxh4 28. gxh4 Ng8 29. Nf1 Nf6 30. Ng3 Ne4 31. Nxe4+ dxe4 32. g3 Bb5 33. Rc1 Bd3 34. Kg2 b5 35. a3 Kd5 36. Ree1 Kc4 37. Rcd1 a5 38. Kf2 b4 39. Ke3 bxa3 40. bxa3 Rb8 41. Rxd3 exd3 42. Rd1 Rb2 43. Rxd3 Rg2 44. Rd1 Rb7 45. d5 Rbb2 0-1

[Event "Golden Sands Europe op 1st"]
[Site "Golden Sands"]
[Date "2012.06.10"]
[Round "7"]
[White "Gutov, Andrey"]
[Black "Voiska, Margarita"]
[Result "0-1"]
[WhiteElo "2421"]
[BlackElo "2301"]
[PlyCount "100"]
[EventDate "2012.06.04"]
[EventType "swiss"]
[EventRounds "9"]
[EventCountry "BUL"]
[SourceTitle "CBM 148 Extra"]
[Source "ChessBase"]
[SourceDate "2012.06.22"]
[SourceVersion "1"]
[SourceVersionDate "2012.06.22"]
[SourceQuality "1"]

1. d4 d6 2. Nf3 Bg4 3. c4 Bxf3 4. exf3 c6 5. Nc3 g6 6. Be3 Bg7 7. f4 Nh6 8. g4 Nd7 9. Be2 e6 10. d5 exd5 11. cxd5 c5 12. Qd2 a6 13. f5 Ng8 14. Ne4 Qb6 15. Bg5 gxf5 16. gxf5 Ngf6 17. Nc3 0-0-0 18. 0-0 Rde8 19. Qc2 h6 20. Bf4 Ne5 21. Rab1 Kb8 22. a3 h5 23. b4 c4 24. Be3 Qd8 25. b5 a5 26. b6 Nfg4 27. Bf4 Bh6 28. Bg3 h4 29. Bxe5 Nxe5 30. Qa4 Reg8+ 31. Kh1 Qg5 32. Rg1 Qxf5 33. Qxa5 Nd7 34. f3 Bf4 35. Rg4 Rxg4 36. fxg4 Qe5 37. Bf3 Qe3 38. Rf1 Qxb6 39. Qxb6 Nxb6 40. Be2 Be5 41. Ne4 c3 42. Bd3 Nxd5 43. Rxf7 Ne3 44. Rf2 Nxg4 45. Rc2 Ne3 46. Re2 Nd5 47. Bc2 Rg8 48. Bb3 Nf4 49. Rc2 Rg7 50. Nxc3 Bxc3 0-1

[Event "Golden Sands Europe op 1st"]
[Site "Golden Sands"]
[Date "2012.06.07"]
[Round "4"]
[White "Foisor, Mihaela Veronica"]
[Black "Gutov, Andrey"]
[Result "1/2-1/2"]
[WhiteElo "2244"]
[BlackElo "2421"]
[PlyCount "118"]
[EventDate "2012.06.04"]
[EventType "swiss"]
[EventRounds "9"]
[EventCountry "BUL"]
[SourceTitle "CBM 148 Extra"]
[Source "ChessBase"]
[SourceDate "2012.06.22"]
[SourceVersion "1"]
[SourceVersionDate "2012.06.22"]
[SourceQuality "1"]

1. d4 Nf6 2. c4 e6 3. Nc3 Bb4 4. e3 0-0 5. Bd3 c5 6. a3 Bxc3+ 7. bxc3 Nc6 8. Ne2 b6 9. e4 Ne8 10. 0-0 Ba6 11. f4 f5 12. exf5 exf5 13. dxc5 bxc5 14. Ng3 g6 15. Be3 Qa5 16. Re1 Nf6 17. Qc2 Rae8 18. h3 Re6 19. Nf1 Ne4 20. Bxe4 Rxe4 21. Nd2 Re6 22. Qd3 d6 23. Bf2 Rxe1+ 24. Rxe1 Qc7 25. Qd5+ Kg7 26. Re6 Rf6 27. Rxf6 Kxf6 28. g4 Kg7 29. gxf5 gxf5 30. Qxf5 Qe7 31. Ne4 Bxc4 32. Qg4+ Kf8 33. Qc8+ Nd8 34. Nxd6 Be6 35. Qxc5 Kg8 36. Qg5+ Qxg5+ 37. fxg5 Bxh3 38. Bxa7 Nf7 39. Ne4 Bf5 40. Ng3 Bd3 41. Be3 Ne5 42. Kf2 Kf7 43. Nh5 Bg6 44. Nf4 Bc2 45. Bd4 Nc4 46. Bc5 Nd2 47. Ke3 Ne4 48. Bd4 Nxg5 49. c4 Ke7 50. Kd2 Be4 51. Kc3 Ne6 52. Nxe6 Kxe6 53. Kb4 Kd6 54. a4 Kc6 55. Kc3 h5 56. a5 Kb7 57. Bf2 Ka8 58. Kd4 Bg2 59. Kc5 h4 1/2-1/2

[Event "Albena Masters op"]
[Site "Albena"]
[Date "2012.06.02"]
[Round "8"]
[White "Gutov, Andrey"]
[Black "Arnaudov, Petar G"]
[Result "1/2-1/2"]
[WhiteElo "2421"]
[BlackElo "2477"]
[PlyCount "85"]
[EventDate "2012.05.26"]
[EventType "swiss"]
[EventRounds "9"]
[EventCountry "BUL"]
[SourceTitle "CBM 148 Extra"]
[Source "ChessBase"]
[SourceDate "2012.06.22"]
[SourceVersion "1"]
[SourceVersionDate "2012.06.22"]
[SourceQuality "1"]

1. d4 Nf6 2. c4 e6 3. g3 d5 4. Bg2 Be7 5. Nf3 0-0 6. 0-0 dxc4 7. Qc2 b5 8. a4 b4 9. Nbd2 Bb7 10. Nxc4 Be4 11. Qb3 c5 12. Rd1 Nbd7 13. Nfe5 Bxg2 14. Kxg2 Rc8 15. Be3 Qc7 16. Rac1 Nxe5 17. dxe5 Nd7 18. f4 Nb6 19. Nd6 Qc6+ 20. Kf2 Nxa4 21. Nxc8 Rxc8 22. Ra1 Nb6 23. Rxa7 c4 24. Qc2 Bc5 25. Qd2 c3 26. bxc3 Nc4 27. Qd8+ Rxd8 28. Rxd8+ Bf8 29. Raa8 h5 30. cxb4 Qh1 31. Rxf8+ Kh7 32. f5 Qxh2+ 33. Kf3 Qh1+ 34. Kf2 exf5 35. Rh8+ Kg6 36. Bf4 Nb2 37. Ra6+ f6 38. Rd8 Qh2+ 39. Kf1 h4 40. exf6 Qh1+ 41. Kf2 Qh2+ 42. Kf3 Qh1+ 43. Kf2 1/2-1/2

[Event "Albena Masters op"]
[Site "Albena"]
[Date "2012.05.31"]
[Round "6"]
[White "Gutov, Andrey"]
[Black "Tikkanen, Hans"]
[Result "0-1"]
[WhiteElo "2421"]
[BlackElo "2566"]
[PlyCount "128"]
[EventDate "2012.05.26"]
[EventType "swiss"]
[EventRounds "9"]
[EventCountry "BUL"]
[SourceTitle "CBM 148 Extra"]
[Source "ChessBase"]
[SourceDate "2012.06.22"]
[SourceVersion "1"]
[SourceVersionDate "2012.06.22"]
[SourceQuality "1"]

1. d4 d5 2. c4 c6 3. cxd5 cxd5 4. Nc3 Nf6 5. Bf4 Qb6 6. a3 Qxb2 7. Na4 Qb5 8. e4 Qa5+ 9. Bd2 Qd8 10. exd5 Nxd5 11. Nf3 Nd7 12. Bd3 e6 13. 0-0 Be7 14. Qc2 h6 15. Nc3 Nxc3 16. Bxc3 0-0 17. Qe2 Nf6 18. Ne5 Bd7 19. Rfb1 Rc8 20. Bd2 Bc6 21. Nxc6 bxc6 22. Rb7 Rb8 23. Rxb8 Qxb8 24. Rb1 Qc7 25. a4 Rd8 26. Be3 Nd5 27. Qg4 Kf8 28. Qe4 Bd6 29. Qh7 Bxh2+ 30. Kh1 Bf4 31. Qh8+ Ke7 32. Qxg7 Nxe3 33. fxe3 Bxe3 34. Rf1 Rf8 35. Bg6 Qd6 36. Qf6+ Kd7 37. Bxf7 Kc7 38. Rb1 Bxd4 39. Qxe6 Qxe6 40. Bxe6 Kd6 41. Bc4 Rf4 42. g3 Rg4 43. Kg2 Be5 44. Bb3 Rxg3+ 45. Kf2 h5 46. Bc2 h4 47. Rd1+ Kc5 48. Be4 Bd4+ 49. Kf1 Rc3 50. Kg2 h3+ 51. Kh1 Be5 52. Re1 Bg3 53. Rb1 a5 54. Bf5 Bc7 55. Bd7 h2 56. Be8 Bf4 57. Rf1 Be5 58. Rb1 Kd6 59. Rd1+ Kc7 60. Re1 Bd6 61. Rd1 Rc4 62. Rf1 Re4 63. Bg6 Rxa4 64. Rc1 Rb4 0-1

[Event "RUS-chT 19th"]
[Site "Sochi"]
[Date "2012.04.13"]
[Round "5"]
[White "Iljin, Artem"]
[Black "Gutov, Andrey"]
[Result "1-0"]
[WhiteElo "2536"]
[BlackElo "2412"]
[PlyCount "71"]
[EventDate "2012.04.09"]
[EventType "team-swiss"]
[EventRounds "7"]
[EventCountry "RUS"]
[SourceTitle "CBM 148"]
[Source "ChessBase"]
[SourceDate "2012.05.16"]
[SourceVersion "1"]
[SourceVersionDate "2012.05.16"]
[SourceQuality "1"]
[WhiteTeam "Kazan Nezhmetdinov"]
[BlackTeam "Kemerovo"]
[WhiteTeamCountry "RUS"]
[BlackTeamCountry "RUS"]

1. c4 e5 2. Nc3 Nc6 3. Nf3 Nf6 4. e3 g6 5. d4 d6 6. dxe5 Nxe5 7. b3 Nxf3+ 8. Qxf3 Bg7 9. Bb2 0-0 10. Be2 c6 11. Qf4 d5 12. 0-0-0 Qa5 13. cxd5 cxd5 14. Qa4 Qc7 15. Kb1 Bf5+ 16. Ka1 a6 17. Rc1 b5 18. Qh4 Qa5 19. Bf3 Rac8 20. Rhd1 Ne4 21. Bxe4 Rxc3 22. Bxf5 Rxc1+ 23. Rxc1 Qd2 24. Rb1 gxf5 25. Qg5 f6 26. Qxf5 a5 27. Rc1 a4 28. Qc2 Qa5 29. Qc5 axb3 30. Qxd5+ Kh8 31. Qxb3 Rd8 32. Rd1 Rc8 33. Qe6 Qc7 34. Rc1 Qxc1+ 35. Bxc1 f5+ 36. Kb1 1-0

[Event "RUS-chT 19th"]
[Site "Sochi"]
[Date "2012.04.09"]
[Round "1"]
[White "Gutov, Andrey"]
[Black "Korobov, Anton"]
[Result "0-1"]
[WhiteElo "2412"]
[BlackElo "2679"]
[PlyCount "88"]
[EventDate "2012.04.09"]
[EventType "team-swiss"]
[EventRounds "7"]
[EventCountry "RUS"]
[SourceTitle "CBM 148"]
[Source "ChessBase"]
[SourceDate "2012.05.16"]
[SourceVersion "1"]
[SourceVersionDate "2012.05.16"]
[SourceQuality "1"]
[WhiteTeam "Kemerovo"]
[BlackTeam "Khanty Mansyisk Yugra"]
[WhiteTeamCountry "RUS"]
[BlackTeamCountry "RUS"]

1. d4 Nf6 2. c4 g6 3. Nc3 Bg7 4. e4 d6 5. f3 0-0 6. Be3 Nc6 7. Nge2 a6 8. Qd2 Na5 9. Ng3 b5 10. 0-0-0 Be6 11. d5 Bd7 12. Bh6 Bxh6 13. Qxh6 b4 14. Nb1 c6 15. h4 Qb6 16. Nd2 b3 17. a3 Qf2 18. Qf4 cxd5 19. exd5 Rfc8 20. Kb1 Ng4 21. Rc1 Qe3 22. Qe4 f5 23. Qxe3 Nxe3 24. Bd3 Kf7 25. h5 Rh8 26. c5 Bb5 27. Bxb5 axb5 28. cxd6 exd6 29. Ne2 Nxg2 30. Nd4 Nf4 31. Nxb5 Nxh5 32. Nxd6+ Kf6 33. N2c4 Nf4 34. Nb5 Nxd5 35. Nxa5 Rxa5 36. Rc6+ Ke5 37. Rc5 Rd8 38. Rxh7 Kf4 39. Rh3 Ne3 40. Rh1 Rb8 41. Rh4+ Kxf3 42. Rb4 Raxb5 43. Rbxb5 Rxb5 44. Rxb5 g5 0-1

[Event "Novokuznetsk op"]
[Site "Novokuznetsk"]
[Date "2011.08.19"]
[Round "9"]
[White "Siuniakov, Igor"]
[Black "Gutov, Andrey"]
[Result "0-1"]
[WhiteElo "2313"]
[BlackElo "2444"]
[PlyCount "100"]
[EventDate "2011.08.11"]
[EventType "swiss"]
[EventRounds "9"]
[EventCountry "RUS"]
[SourceTitle "CBM 144 Extra"]
[Source "ChessBase"]
[SourceDate "2011.10.28"]
[SourceVersion "1"]
[SourceVersionDate "2011.10.28"]
[SourceQuality "1"]

1. c4 e6 2. Nf3 d5 3. g3 Nf6 4. Bg2 dxc4 5. Qa4+ Nbd7 6. Qxc4 c5 7. 0-0 a6 8. Qc2 b5 9. b3 Bb7 10. Bb2 Bd6 11. d3 0-0 12. Nbd2 e5 13. a3 Re8 14. Rad1 Qc7 15. Rfe1 h6 16. e3 Rac8 17. Qc1 Bd5 18. Qa1 Nb6 19. Bf1 Nfd7 20. Rc1 Qb7 21. Be2 a5 22. a4 bxa4 23. bxa4 f6 24. Nh4 Nb8 25. Bh5 Red8 26. Bg4 Rc7 27. Ne4 Bf8 28. Bc3 Nc6 29. Ng6 Nb4 30. Nxf8 Rxf8 31. Bxb4 cxb4 32. Nc5 Qa8 33. Be6+ Kh8 34. e4 Bxe6 35. Nxe6 Rxc1 36. Qxc1 Rc8 37. Qd1 Qc6 38. Qg4 Qd7 39. f4 Nxa4 40. d4 exd4 41. e5 f5 42. Qg6 d3 43. Rd1 Rc6 44. Nf8 Qa7+ 45. Kg2 Rxg6 46. Nxg6+ Kh7 47. Nf8+ Kg8 48. Ng6 Qe3 49. Kh3 Qe2 50. Rc1 Qg4+ 0-1